[Event "Lignano Bella Italia op 2nd"]
[Site "Lignano Sabbiadoro"]
[Date "2023.08.17"]
[Round "1"]
[White "Araoun, Saadi"]
[Black "Bettalli, Francesco"]
[Result "1-0"]
[WhiteElo "2082"]
[BlackElo "2274"]
[PlyCount "163"]
[EventDate "2023.08.17"]
[EventType "swiss"]
[EventRounds "9"]
[EventCountry "ITA"]
[SourceTitle "EXT 2024"]
[Source "ChessBase"]
[SourceDate "2023.10.10"]
[SourceVersion "1"]
[SourceVersionDate "2023.10.10"]
[SourceQuality "1"]

1. d4 Nf6 2. c4 g6 3. Nc3 d5 4. cxd5 Nxd5 5. Bd2 Nb6 6. e3 Bg7 7. Nf3 0-0 8. Be2 Nc6 9. 0-0 Re8 10. Qc2 Bf5 11. e4 Bg4 12. d5 Bxf3 13. dxc6 Bxe2 14. cxb7 Bxf1 15. bxa8Q Qxa8 16. Rxf1 Qc6 17. Rc1 Rd8 18. Bg5 Qc5 19. Be3 Qc4 20. h3 e6 21. b3 Qa6 22. Qe2 Qb7 23. Bf4 c6 24. Qc2 Qa6 25. Rd1 Rc8 26. Rd3 h6 27. Qd2 Kh7 28. Nd1 c5 29. Ne3 Qb7 30. f3 Bd4 31. Kh2 e5 32. Bxh6 Qe7 33. Nc4 Nxc4 34. bxc4 Qe6 35. Qc1 Rd8 36. Rb3 Qa6 37. Bg5 Rf8 38. Qe1 f6 39. Qh4+ Kg8 40. Bh6 Rd8 41. Qg4 Kf7 42. Bc1 Qc6 43. Qh4 Rg8 44. Qh7+ Rg7 45. Qh8 Rg8 46. Qh7+ Rg7 47. Qh6 Rg8 48. Qd2 g5 49. Qa5 Kg6 50. Qb5 Qd6 51. Qb7 Qe6 52. Qd5 Re8 53. Rb7 Qxd5 54. cxd5 c4 55. Rc7 c3 56. Ba3 Rb8 57. d6 Rd8 58. g4 f5 59. gxf5+ Kf6 60. Kg2 Rb8 61. Kf1 Rb1+ 62. Ke2 Rb2+ 63. Kd1 Rxa2 64. d7 Rd2+ 65. Kc1 Be3 66. Rxc3 Bf4 67. Kb1 Rxd7 68. Rc6+ Kf7 69. Bd6 Rb7+ 70. Kc2 Ke8 71. Rc7 Rb6 72. Bc5 Rh6 73. Bxa7 Kd8 74. Rg7 Rc6+ 75. Kd3 Rd6+ 76. Kc4 Ke8 77. Bc5 Ra6 78. Kd5 Bd2 79. Re7+ Kd8 80. Re6 Ra5 81. Kc4 Bf4 82. Bb6+ 1-0

[Event "ALG-ch"]
[Site "Tichy"]
[Date "2022.10.20"]
[Round "5"]
[White "Adjerit, Noureddine"]
[Black "Araoun, Saadi"]
[Result "1-0"]
[WhiteElo "1976"]
[BlackElo "2046"]
[PlyCount "47"]
[EventDate "2022.10.18"]
[EventType "swiss"]
[EventRounds "9"]
[EventCountry "ALG"]
[SourceTitle "EXT 2024"]
[Source "ChessBase"]
[SourceDate "2023.10.10"]
[SourceVersion "1"]
[SourceVersionDate "2023.10.10"]
[SourceQuality "1"]

1. d4 Nf6 2. Bf4 c5 3. d5 d6 4. Nc3 e5 5. dxe6 Bxe6 6. e4 Nc6 7. Nf3 h6 8. Qd2 d5 9. exd5 Nxd5 10. 0-0-0 Nxf4 11. Qxf4 Qa5 12. Bc4 Bxc4 13. Qxc4 Be7 14. Nd5 0-0 15. Kb1 Bd8 16. Rhe1 Nb4 17. c3 Nxd5 18. Rxd5 Rc8 19. Ne5 b5 20. Qg4 Bb6 21. Nxf7 Qa4 22. Re4 b4 23. Nxh6+ Kh7 24. Re7 1-0

[Event "Olympiad-44"]
[Site "Chennai"]
[Date "2022.08.07"]
[Round "9.4"]
[White "Araoun, Saadi"]
[Black "Kabwe, Timothy"]
[Result "1-0"]
[WhiteElo "2049"]
[BlackElo "2248"]
[PlyCount "111"]
[EventDate "2022.07.29"]
[EventType "team-swiss"]
[EventRounds "11"]
[EventCountry "IND"]
[SourceTitle "CBM 210"]
[Source "ChessBase"]
[SourceDate "2022.10.31"]
[SourceVersion "1"]
[SourceVersionDate "2022.10.31"]
[SourceQuality "1"]
[WhiteTeam "Algeria"]
[BlackTeam "Zambia"]
[WhiteTeamCountry "ALG"]
[BlackTeamCountry "ZAM"]

1. d4 d5 2. c4 c6 3. Nc3 Nf6 4. e3 g6 5. Nf3 Bg7 6. Be2 0-0 7. 0-0 Bf5 8. cxd5 Nxd5 9. Qb3 b6 10. Nxd5 cxd5 11. Bd2 Be6 12. Rfc1 Bc8 13. Rc3 Ba6 14. Bb5 Bxb5 15. Qxb5 e6 16. Rac1 Qd7 17. Qd3 Qa4 18. Ra3 Qd7 19. Qc2 Re8 20. Qc7 Bf8 21. Rac3 Qxc7 22. Rxc7 Na6 23. R7c6 Nb4 24. Bxb4 Bxb4 25. Kf1 Red8 26. Ke2 Bd6 27. Nd2 Kf8 28. g3 Ke7 29. e4 Bb4 30. e5 Bxd2 31. Kxd2 Rd7 32. Kc3 h5 33. Kb4 f6 34. exf6+ Kxf6 35. Re1 Re7 36. Re5 g5 37. Rxd5 Rc8 38. Rxc8 exd5 39. Rf8+ Kg6 40. Kc3 Re2 41. h3 b5 42. a3 a5 43. Rf3 Re1 44. Kd2 Rh1 45. Rb3 b4 46. axb4 axb4 47. g4 h4 48. Rf3 Rh2 49. Kc2 Rh1 50. Kb3 Rd1 51. Kxb4 Rxd4+ 52. Kc5 Rd1 53. b4 d4 54. Kc4 Rb1 55. b5 Rb2 56. Rb3 1-0

[Event "Olympiad-44"]
[Site "Chennai"]
[Date "2022.08.06"]
[Round "8.4"]
[White "Rodriguez Guevara, Celia M"]
[Black "Araoun, Saadi"]
[Result "1/2-1/2"]
[WhiteElo "1859"]
[BlackElo "2049"]
[PlyCount "83"]
[EventDate "2022.07.29"]
[EventType "team-swiss"]
[EventRounds "11"]
[EventCountry "IND"]
[SourceTitle "CBM 210"]
[Source "ChessBase"]
[SourceDate "2022.10.31"]
[SourceVersion "1"]
[SourceVersionDate "2022.10.31"]
[SourceQuality "1"]
[WhiteTeam "Kap Verde"]
[BlackTeam "Algeria"]
[WhiteTeamCountry "KAP"]
[BlackTeamCountry "ALG"]

1. e4 c6 2. d4 d5 3. exd5 cxd5 4. Bd3 Nc6 5. c3 Nf6 6. h3 e5 7. dxe5 Nxe5 8. Bc2 Bd6 9. Nf3 0-0 10. 0-0 h6 11. Nbd2 Bc7 12. Nxe5 Bxe5 13. Nf3 Bc7 14. Re1 Be6 15. Qd3 Ne4 16. Be3 Qd7 17. Bd4 Rfe8 18. Be5 Bb6 19. Bd4 Bc7 20. Be5 Rad8 21. Bxc7 Qxc7 22. Nd4 Bc8 23. Rad1 a6 24. Bb3 Qc5 25. Re3 Qd6 26. Nf3 Qg6 27. Qf1 Be6 28. Red3 Nc5 29. Rd4 Nxb3 30. axb3 Rc8 31. R1d2 Qf6 32. b4 Bxh3 33. gxh3 Qxf3 34. R4d3 Qf6 35. Rxd5 Re4 36. Rd6 Qg5+ 37. Qg2 Re1+ 38. Kh2 Qe5+ 39. Qg3 Qe4 40. Qg2 Qe5+ 41. Qg3 Qe4 42. Qg2 1/2-1/2

[Event "Monastir zt 4.1"]
[Site "Monastir"]
[Date "2022.03.17"]
[Round "7"]
[White "Araoun, Saadi"]
[Black "Ben Hamouda, Mohamed Aymen"]
[Result "1-0"]
[WhiteElo "2058"]
[BlackElo "1509"]
[PlyCount "138"]
[EventDate "2022.03.13"]
[EventType "swiss"]
[EventRounds "9"]
[EventCountry "TUN"]
[SourceTitle "EXT 2023"]
[Source "ChessBase"]
[SourceDate "2022.10.05"]
[SourceVersion "1"]
[SourceVersionDate "2022.10.05"]
[SourceQuality "1"]

1. d4 d5 2. Nf3 Nf6 3. c4 e6 4. Nc3 Be7 5. cxd5 exd5 6. Bg5 c6 7. Qc2 0-0 8. e3 h6 9. Bh4 Ne4 10. Bxe7 Qxe7 11. Bd3 Re8 12. 0-0 Nd7 13. Bxe4 dxe4 14. Nd2 f5 15. Rab1 a5 16. a3 Nf6 17. Rfc1 Be6 18. Nb3 Bd5 19. Nc5 Bf7 20. b4 axb4 21. axb4 b5 22. Ra1 Nd7 23. Nxd7 Qxd7 24. Qb2 Qd6 25. g3 Kh7 26. Ra3 Bh5 27. h3 Bf3 28. Kh2 Qg6 29. Ne2 Rxa3 30. Nf4 Rea8 31. Nxg6 Ra2 32. Qb3 Rxf2+ 33. Kg1 Rg2+ 34. Kf1 Raa2 35. Nf8+ Kh8 36. Ng6+ Kh7 37. Nf8+ Kh8 38. Ng6+ Kh7 39. Nf4 Rh2 40. Qxa2 Rxa2 41. Rxc6 Ra1+ 42. Kf2 Ra2+ 43. Ke1 g5 44. Rc7+ Kg8 45. Nd5 Re2+ 46. Kf1 f4 47. gxf4 gxf4 48. Nxf4 Rxe3 49. Kf2 Rb3 50. d5 Rb2+ 51. Ke3 Rb3+ 52. Kf2 Rb2+ 53. Kg3 Rd2 54. Rc6 Bd1 55. Re6 Bb3 56. Rxe4 Bxd5 57. Re8+ Kf7 58. Rd8 Rd4 59. Nxd5 h5 60. h4 Rg4+ 61. Kh3 Rd4 62. Rd6 Rd3+ 63. Kg2 Rd4 64. Kg3 Rg4+ 65. Kh3 Rd4 66. Rf6+ Kg7 67. Rf5 Kh6 68. Rg5 Rc4 69. Kg3 Rg4+ 1-0

[Event "ALG Cup"]
[Site "Bejaia"]
[Date "2020.02.29"]
[Round "6"]
[White "Araoun, Saadi"]
[Black "Chabane, Lina"]
[Result "1-0"]
[WhiteElo "2050"]
[BlackElo "1308"]
[PlyCount "61"]
[EventDate "2020.02.27"]
[EventType "swiss"]
[EventRounds "7"]
[EventCountry "ALG"]
[SourceTitle "CBM 195 Extra"]
[Source "ChessBase"]
[SourceDate "2020.05.31"]
[SourceVersion "1"]
[SourceVersionDate "2020.05.31"]
[SourceQuality "1"]

1. d4 Nf6 2. Bg5 d6 3. c4 Nbd7 4. Nc3 g6 5. e4 e5 6. Nf3 exd4 7. Nxd4 Bg7 8. Be2 0-0 9. 0-0 c6 10. f3 Qb6 11. Na4 Qc7 12. Qd2 Re8 13. Rfd1 d5 14. cxd5 cxd5 15. Nb5 Qd8 16. Rac1 dxe4 17. Nc7 exf3 18. Bxf3 Rb8 19. Nxe8 Qxe8 20. Nc3 Ne5 21. Qd8 Nxf3+ 22. gxf3 Bf5 23. Qxe8+ Nxe8 24. Rd8 Rxd8 25. Bxd8 Bd4+ 26. Kg2 Nf6 27. Rd1 Be5 28. Re1 Nd7 29. Nd5 Kg7 30. Rxe5 Nxe5 31. Bf6+ 1-0

[Event "ALG-ch"]
[Site "Ain Tagoura"]
[Date "2020.02.08"]
[Round "9"]
[White "Araoun, Saadi"]
[Black "Saim, Mohamed Ilias"]
[Result "0-1"]
[WhiteElo "2050"]
[BlackElo "2170"]
[PlyCount "106"]
[EventDate "2020.02.04"]
[EventType "swiss"]
[EventRounds "9"]
[EventCountry "ALG"]
[SourceTitle "CBM 194 Extra"]
[Source "ChessBase"]
[SourceDate "2020.03.31"]
[SourceVersion "1"]
[SourceVersionDate "2020.03.31"]
[SourceQuality "1"]

1. d4 Nf6 2. c4 g6 3. Nc3 Bg7 4. e4 d6 5. f3 c6 6. Be3 a6 7. Qd2 b5 8. a3 0-0 9. Bd3 e5 10. d5 cxd5 11. cxd5 Nbd7 12. Nge2 Nb6 13. h4 Nfd7 14. b3 Nc5 15. Bc2 f5 16. Bg5 Qe8 17. h5 f4 18. Bh4 Bb7 19. hxg6 hxg6 20. Kf2 a5 21. Bg5 a4 22. b4 Nc4 23. Qd1 Ne3 24. Qb1 Nxc2 25. Qxc2 Nb3 26. Rad1 Rc8 27. Qd3 Ba6 28. Nxa4 bxa4 29. Qxa6 Qd7 30. b5 Nc5 31. Qa5 Ra8 32. Qb4 Rab8 33. Nc3 Qa7 34. Kf1 Qb6 35. Bh4 Nb3 36. Bf2 Nd4 37. Rb1 Bf6 38. Kg1 Kg7 39. Kf1 Rb7 40. Rh3 Rc8 41. Nxa4 Qxb5+ 42. Qxb5 Rxb5 43. Rxb5 Nxb5 44. Nb6 Rc1+ 45. Ke2 Rc2+ 46. Ke1 Bd8 47. Nd7 Ba5+ 48. Kf1 Rc1+ 49. Ke2 Rc2+ 50. Kf1 Rc1+ 51. Ke2 Nxa3 52. Bh4 Rc2+ 53. Kd3 Rd2# 0-1

[Event "ALG-ch"]
[Site "Ain Tagoura"]
[Date "2020.02.07"]
[Round "7"]
[White "Fellah, Mohamed Amine"]
[Black "Araoun, Saadi"]
[Result "1/2-1/2"]
[WhiteElo "2096"]
[BlackElo "2050"]
[PlyCount "63"]
[EventDate "2020.02.04"]
[EventType "swiss"]
[EventRounds "9"]
[EventCountry "ALG"]
[SourceTitle "CBM 194 Extra"]
[Source "ChessBase"]
[SourceDate "2020.03.31"]
[SourceVersion "1"]
[SourceVersionDate "2020.03.31"]
[SourceQuality "1"]

1. e4 c6 2. d4 d5 3. exd5 cxd5 4. c4 Nf6 5. Nc3 Nc6 6. Bg5 e6 7. Nf3 Be7 8. c5 Ne4 9. Bxe7 Qxe7 10. Bb5 Nxc3 11. bxc3 0-0 12. 0-0 Qc7 13. Bxc6 bxc6 14. Qa4 a5 15. Rfb1 Ba6 16. Rb6 Bb5 17. Qc2 a4 18. Ng5 g6 19. h4 e5 20. h5 e4 21. Qd2 Rae8 22. Rb1 Rb8 23. hxg6 hxg6 24. Qe3 Kg7 25. c4 Bxc4 26. Rxb8 Rxb8 27. Rxb8 Qxb8 28. Qh3 Qb1+ 29. Kh2 Qb8+ 30. Kg1 Qb1+ 31. Kh2 Qb8+ 32. Kg1 1/2-1/2

[Event "ALG-ch"]
[Site "Tiaret"]
[Date "2019.08.04"]
[Round "6"]
[White "Araoun, Saadi"]
[Black "Ouaret, Abdelouhab"]
[Result "1/2-1/2"]
[WhiteElo "2049"]
[BlackElo "2072"]
[PlyCount "56"]
[EventDate "2019.08.01"]
[EventType "swiss"]
[EventRounds "9"]
[EventCountry "ALG"]
[SourceTitle "EXT 2020"]
[Source "ChessBase"]
[SourceDate "2019.10.17"]
[SourceVersion "1"]
[SourceVersionDate "2019.10.17"]
[SourceQuality "1"]

1. d4 d5 2. c4 c6 3. Nc3 Nf6 4. Nf3 e6 5. Bg5 Nbd7 6. e3 Qa5 7. Qc2 Bb4 8. Nd2 dxc4 9. Bxf6 Nxf6 10. Nxc4 Qc7 11. Bd3 0-0 12. 0-0 h6 13. Ne5 Bd6 14. Nf3 Nd5 15. a3 Nxc3 16. Qxc3 b6 17. Be4 Bb7 18. b4 Rfe8 19. Rfc1 Rab8 20. Rab1 Qe7 21. Nd2 e5 22. Re1 exd4 23. exd4 Qc7 24. h3 c5 25. bxc5 bxc5 26. Rxb7 Rxb7 27. Bxb7 Qxb7 28. Ne4 Qd5 1/2-1/2

[Event "Tipaza U2200 op"]
[Site "Tipaza"]
[Date "2019.05.02"]
[Round "3"]
[White "Merbouhi, Wail"]
[Black "Araoun, Saadi"]
[Result "0-1"]
[WhiteElo "1733"]
[BlackElo "2030"]
[PlyCount "64"]
[EventDate "2019.05.01"]
[EventType "swiss"]
[EventRounds "9"]
[EventCountry "ALG"]
[SourceTitle "CBM 190 Extra"]
[Source "ChessBase"]
[SourceDate "2019.07.15"]
[SourceVersion "1"]
[SourceVersionDate "2019.07.15"]
[SourceQuality "1"]

1. e4 c6 2. d4 d5 3. e5 Bf5 4. f4 e6 5. Bd3 Ne7 6. Ne2 h5 7. 0-0 Nd7 8. Ng3 Bxd3 9. Qxd3 h4 10. Ne2 Nf5 11. Nbc3 c5 12. Nd1 cxd4 13. Nxd4 Nxd4 14. Ne3 Nc6 15. c4 d4 16. Ng4 Nc5 17. Qh3 Be7 18. f5 exf5 19. Rxf5 Qd7 20. Bd2 g6 21. Rf3 Rh7 22. Raf1 Qe6 23. Rf6 Qxc4 24. b3 Qd5 25. Rd6 Qe4 26. Re1 Qd3 27. Be3 Kf8 28. Rd5 Nb4 29. Rxd4 Qb5 30. Bh6+ Kg8 31. Bd2 Nc2 32. e6 f5 0-1

[Event "Monastir op"]
[Site "Monastir"]
[Date "2018.09.08"]
[Round "9"]
[White "Taieb, Sahbi"]
[Black "Araoun, Saadi"]
[Result "0-1"]
[WhiteElo "2146"]
[BlackElo "1997"]
[PlyCount "138"]
[EventDate "2018.09.02"]
[EventType "swiss"]
[EventRounds "9"]
[EventCountry "TUN"]
[SourceTitle "EXT 2019"]
[Source "ChessBase"]
[SourceDate "2018.10.10"]
[SourceVersion "1"]
[SourceVersionDate "2018.10.10"]
[SourceQuality "1"]

1. d4 d5 2. c4 c6 3. Nc3 Nf6 4. Nf3 e6 5. cxd5 exd5 6. Bg5 Be7 7. Qc2 g6 8. e3 Bf5 9. Bd3 Bxd3 10. Qxd3 Nbd7 11. 0-0 0-0 12. Rab1 Re8 13. Bxf6 Bxf6 14. Rfc1 a6 15. Nd2 Bg7 16. Na4 Bf8 17. Nb3 Nf6 18. Nac5 Rb8 19. Nd2 Bd6 20. Nf1 Bxc5 21. Rxc5 Ne4 22. Rc2 h5 23. Re2 Nd6 24. Nd2 Kg7 25. Rbe1 Qb6 26. Nb3 Rbd8 27. Nc5 Re7 28. Qc3 Kh7 29. Nd3 Rde8 30. Qc2 Nf5 31. h3 Nd6 32. Ne5 Ne4 33. Rb1 Qd8 34. b4 Qc8 35. a4 Nd6 36. Rf1 Rg8 37. Nf3 f6 38. Nd2 Nf5 39. Qd3 Rge8 40. Rfe1 Nd6 41. Nb1 Qf5 42. Qb3 Qg5 43. Nd2 Nf5 44. Nf3 Qh6 45. Qd3 Nd6 46. Nd2 f5 47. Nf3 Nc4 48. h4 Qf8 49. g3 Kh6 50. Qb3 b5 51. axb5 axb5 52. Ra1 f4 53. gxf4 Qf5 54. Nh2 Qh3 55. Qd3 Qxh4 56. Ra6 Re6 57. Rea2 Nxe3 58. fxe3 Rxe3 59. Qd2 Qh3 60. Nf1 Re2 61. Qxe2 Rxe2 62. Rxe2 Qg4+ 63. Rg2 Qxf4 64. Rxc6 Qxd4+ 65. Kh1 Qh4+ 66. Kg1 Qd4+ 67. Kh1 Qh4+ 68. Kg1 Qd4+ 69. Kh1 Qh4+ 0-1

[Event "Monastir op"]
[Site "Monastir"]
[Date "2018.09.03"]
[Round "3"]
[White "Ameir, Moheb"]
[Black "Araoun, Saadi"]
[Result "1-0"]
[WhiteElo "2338"]
[BlackElo "1997"]
[PlyCount "66"]
[EventDate "2018.09.02"]
[EventType "swiss"]
[EventRounds "9"]
[EventCountry "TUN"]
[SourceTitle "EXT 2019"]
[Source "ChessBase"]
[SourceDate "2018.10.10"]
[SourceVersion "1"]
[SourceVersionDate "2018.10.10"]
[SourceQuality "1"]

1. e4 c6 2. d4 d5 3. Nc3 dxe4 4. Nxe4 Nd7 5. Ng5 Ngf6 6. Bd3 e6 7. N1f3 Bd6 8. Qe2 h6 9. Ne4 Nxe4 10. Qxe4 Nf6 11. Qe2 0-0 12. Bd2 Qc7 13. 0-0-0 c5 14. dxc5 Qxc5 15. g4 Nd5 16. Kb1 Bf4 17. Qe4 f5 18. gxf5 Bxd2 19. Rxd2 exf5 20. Qe5 Qc6 21. Rg1 Nf6 22. Qe7 Rf7 23. Qxf7+ Kxf7 24. Ne5+ Kf8 25. Nxc6 bxc6 26. Re2 Bd7 27. Re5 Ng4 28. Ra5 g6 29. f3 Nxh2 30. Rxg6 Nxf3 31. Rxh6 Ke7 32. Bxf5 Rg8 33. b3 Nd4 1-0

[Event "Arab-ch U16"]
[Site "Djerba"]
[Date "2016.07.24"]
[Round "2.2"]
[White "Djabri, Massinas"]
[Black "Araoun, Saadi"]
[Result "1/2-1/2"]
[WhiteElo "1841"]
[BlackElo "1903"]
[PlyCount "62"]
[EventDate "2016.07.23"]
[EventType "swiss"]
[EventRounds "9"]
[EventCountry "TUN"]
[SourceTitle "EXT 2024"]
[Source "ChessBase"]
[SourceDate "2023.10.10"]
[SourceVersion "1"]
[SourceVersionDate "2023.10.10"]
[SourceQuality "1"]

1. d4 Nf6 2. c4 g6 3. Nc3 Bg7 4. e4 d6 5. Bg5 0-0 6. Nf3 Nbd7 7. Be2 e5 8. 0-0 h6 9. Bxf6 Bxf6 10. d5 a5 11. a3 Bg7 12. b4 axb4 13. axb4 Rxa1 14. Qxa1 f5 15. Nd2 Nf6 16. Bf3 f4 17. c5 g5 18. Qa5 g4 19. Bd1 Ne8 20. Nb5 dxc5 21. bxc5 Qh4 22. Nxc7 f3 23. Nxe8 fxg2 24. Kxg2 Rxe8 25. Qc3 h5 26. Qg3 Qf6 27. Nc4 Bh6 28. f3 Rf8 29. Qxe5 Qg6 30. f4 Bg7 31. f5 Qa6 1/2-1/2

[Event "Africa-ch U14"]
[Site "Monastir"]
[Date "2014.12.21"]
[Round "1.3"]
[White "Bouchamla, Alaa"]
[Black "Araoun, Saadi"]
[Result "0-1"]
[WhiteElo "1608"]
[BlackElo "1821"]
[PlyCount "48"]
[EventDate "2014.12.21"]
[EventType "swiss"]
[EventRounds "9"]
[EventCountry "TUN"]
[SourceTitle "EXT 2024"]
[Source "ChessBase"]
[SourceDate "2023.10.10"]
[SourceVersion "1"]
[SourceVersionDate "2023.10.10"]
[SourceQuality "1"]

1. e4 c6 2. Nc3 d5 3. Nf3 Bg4 4. h3 Bxf3 5. Qxf3 e6 6. exd5 cxd5 7. d4 Nc6 8. Be3 Nf6 9. Bd3 a6 10. 0-0 Bd6 11. Rfe1 h6 12. Ne2 Nb4 13. Rad1 0-0 14. c3 Nxd3 15. Rxd3 Rc8 16. Bf4 Rc6 17. Ng3 b5 18. Bxd6 Qxd6 19. a3 a5 20. Nh5 Nxh5 21. Qxh5 b4 22. axb4 axb4 23. Rg3 bxc3 24. Qxh6 Qxg3 0-1